Влияние температуры и среды нагрева торфа на свойства гуминовых кислот; Новые достижения в химии и химической технологии растительного сырья

Bibliografski detalji
Parent link:Новые достижения в химии и химической технологии растительного сырья.— 2002.— [С. 191-194]
Glavni autor: Чухарева Н. В. Наталья Вячеславовна
Daljnji autori: Тарновская Л. И. Людмила Ивановна, Маслов С. Г. Станислав Григорьевич
Sažetak:Заглавие с экрана
Jezik:ruski
Izdano: 2002
Teme:
Online pristup:http://conf.chem.asu.ru/public/conferences/3/biblio/conf-2002/sbornik2002.pdf#page=191
Format: Elektronički Poglavlje knjige
KOHA link:https://koha.lib.tpu.ru/cgi-bin/koha/opac-detail.pl?biblionumber=636823

MARC

LEADER 00000naa0a2200000 4500
001 636823
005 20250920101503.0
035 |a (RuTPU)RU\TPU\network\879 
090 |a 636823 
100 |a 20140328d2002 k||y0rusy50 ca 
101 0 |a rus 
102 |a RU 
135 |a drnn ---uucaa 
181 0 |a i  
182 0 |a b 
200 1 |a Влияние температуры и среды нагрева торфа на свойства гуминовых кислот  |f Н. В. Чухарева, Л. И. Тарновская, С. Г. Маслов 
203 |a Текст  |c электронный 
300 |a Заглавие с экрана 
463 1 |t Новые достижения в химии и химической технологии растительного сырья  |o материалы Всероссийского семинара 28-29 марта 2002 г., г. Барнаул  |v [С. 191-194]  |d 2002 
610 1 |a электронный ресурс 
610 1 |a труды учёных ТПУ 
610 1 |a торф 
610 1 |a нагревание 
610 1 |a гуминовые кислоты 
700 1 |a Чухарева  |b Н. В.  |c специалист в области нефтегазового дела  |c доцент Томского политехнического университета, кандидат химических наук  |f 1967-  |g Наталья Вячеславовна  |3 (RuTPU)RU\TPU\pers\26133  |9 11962 
701 1 |a Тарновская  |b Л. И.  |c специалист в области менеджмента  |c доцент Томского политехнического университета, кандидат технических наук  |f 1952-  |g Людмила Ивановна  |3 (RuTPU)RU\TPU\pers\26777 
701 1 |a Маслов  |b С. Г.  |c химик-технолог  |c доцент Томского политехнического университета, кандидат технических наук  |f 1939-  |g Станислав Григорьевич  |3 (RuTPU)RU\TPU\pers\26203 
801 2 |a RU  |b 63413507  |c 20140328  |g RCR 
856 4 |u http://conf.chem.asu.ru/public/conferences/3/biblio/conf-2002/sbornik2002.pdf#page=191 
942 |c CF